000 00875cam a2200241 4500
001 ABS62872
008 000000n2000 000 0 eng u
035 _a(Sirsi) u108680
100 _aTurley, J.
245 _aOccupiers' liability: being the person who says come in
260 _c2000
490 _aFacilities Management
_v7(10) September 2000, 20-21(2)
520 _aConsiders whether property owners owe a duty of care to trespassers and whether they actually have to occupy premises to be liable for accidents. Outlines the legal liabilities of occupiers and discusses the legal status of warning notices.
590 _aABS
650 _aOCCUPIERS
650 _aLIABILITY
650 _aDUTY OF CARE
650 _aACCIDENTS
650 _aTRESPASSERS
650 _aOCCUPIERS LIABILITY ACT 1984
690 _aMANAGEMENT-FACILITIES MANAGEMENT
942 _n0
999 _c64883
_d64883